Az EME a kulturális élet egészére tart igényt

Elmentve itt :
Bibliográfiai részletek
Szerző: KELEMEN Hunor
Adatforrás:Meister
Forrásdokumentuma:Korunk. -
11 sz., 1995, 112-116 p.
Nyelv:magyar
Kulcsszavak:intézménytörténet
alapítványok (romániai magyar)
kulturális intézmények
BENKŐ SamuErdélyi Múzeum-Egyesület (EME)
LEADER 00501nab a2200157 i 4500
001 bibPRO00000307
008 060524s1995 xx hun
040 |a Sz1 
041 |a hun 
100 1 |a KELEMEN Hunor 
245 1 3 |a Az EME a kulturális élet egészére tart igényt  |c KELEMEN Hunor 
695 |a intézménytörténet 
695 |a alapítványok (romániai magyar) 
695 |a kulturális intézmények 
695 |a BENKŐ SamuErdélyi Múzeum-Egyesület (EME) 
773 0 |t Korunk. -  |g 11 sz., 1995, 112-116 p.